|
|
|
|
| LEADER |
00845cam a2200229 7i4500 |
| 001 |
0000036817 |
| 005 |
20170330090000.0 |
| 008 |
110304 eng |
| 020 |
|
|
|a 9781606233542 (pbk.)
|
| 090 |
0 |
0 |
|a BF531
|b .H269 2009
|
| 245 |
0 |
0 |
|a Handbook of emotion regulation
|c edited by James J. Gross.
|
| 260 |
|
|
|a New York:
|b The Guilford Press,
|c 2009.
|
| 300 |
|
|
|a xvii, 654 p.;
|c 26 cm.
|
| 504 |
|
|
|a Includes bibliographical references and index
|
| 650 |
0 |
0 |
|a Emotions --
|x Physiology
|
| 650 |
0 |
0 |
|a Brain --
|x Physiology
|
| 650 |
0 |
0 |
|a Mental disorders --
|x Etiology
|
| 650 |
0 |
0 |
|a Mental disorders --
|x Therapy
|
| 700 |
1 |
|
|a Gross, James J.
|
| 997 |
|
|
|a Education & Social Sciences, Faculty
|b Social Sciences, Department
|
| 998 |
|
|
|a Industrial Psychology, Degree
|
| 999 |
|
|
|a 0000048161
|b BOK
|c REFERENCE
|e Ground Floor, Bestari Jaya
|